[Event "Duisburg Grossenbaum op"]
[Site "Duisburg"]
[Date "2006.06.11"]
[Round "5"]
[White "Kramps, Rene"]
[Black "Brinkmann, Benedikt"]
[Result "1/2-1/2"]
[WhiteElo "1950"]
[BlackElo "1672"]
[PlyCount "39"]
[EventDate "2006.06.02"]
[EventType "swiss"]
[EventRounds "7"]
[EventCountry "GER"]
[SourceTitle "EXT 2007"]
[Source "ChessBase"]
[SourceDate "2006.11.23"]
[SourceVersion "1"]
[SourceVersionDate "2006.11.23"]
[SourceQuality "1"]

1. e4 c5 2. a3 e6 3. b4 b6 4. b5 Bb7 5. d3 a6 6. c4 axb5 7. cxb5 d5 8. e5 d4 9. Nd2 Qc7 10. Ngf3 Nd7 11. Nc4 Bd5 12. Bf4 Bxc4 13. dxc4 Ne7 14. Bd3 Ng6 15. Bxg6 hxg6 16. 0-0 g5 17. Nxg5 Nxe5 18. Re1 Bd6 19. Qe2 Nxc4 20. Nxe6 1/2-1/2

[Event "Duisburg Grossenbaum op"]
[Site "Duisburg"]
[Date "2006.06.02"]
[Round "1"]
[White "Brinkmann, Benedikt"]
[Black "Ringoir, Tanguy"]
[Result "0-1"]
[WhiteElo "1672"]
[BlackElo "2051"]
[PlyCount "78"]
[EventDate "2006.06.02"]
[EventType "swiss"]
[EventRounds "7"]
[EventCountry "GER"]
[SourceTitle "EXT 2007"]
[Source "ChessBase"]
[SourceDate "2006.11.23"]
[SourceVersion "1"]
[SourceVersionDate "2006.11.23"]
[SourceQuality "1"]

1. Nf3 Nf6 2. g3 g6 3. Bg2 Bg7 4. 0-0 0-0 5. d3 d6 6. Nbd2 e5 7. e4 c5 8. a4 Nc6 9. Nc4 h6 10. Qe2 Be6 11. c3 Na5 12. Nfd2 Nxc4 13. Nxc4 Re8 14. Ne3 d5 15. exd5 Nxd5 16. Bd2 Qd7 17. c4 Nxe3 18. Bxe3 Qc7 19. Qd2 Rad8 20. Bxh6 Bxc4 21. Bxg7 Kxg7 22. Qc3 Bxd3 23. Rfd1 Ba6 24. b4 b6 25. b5 Bc8 26. Bc6 Bd7 27. Rxd7 Rxd7 28. Re1 Rde7 29. Bxe8 Rxe8 30. Re4 f6 31. h4 Rd8 32. Rg4 Qd7 33. Qf3 Qd1+ 34. Qxd1 Rxd1+ 35. Kg2 Rd4 36. f4 c4 37. h5 g5 38. h6+ Kxh6 39. fxg5+ fxg5 0-1

[Event "NRW Holiday U16"]
[Site "Wewelsburg"]
[Date "2003.09.06"]
[Round "2"]
[White "Brinkmann, Benedikt"]
[Black "Horwath, Jenny"]
[Result "1-0"]
[WhiteElo "1077"]
[BlackElo "1304"]
[PlyCount "79"]
[EventDate "2003.09.??"]
[EventType "swiss"]
[EventRounds "7"]
[EventCountry "GER"]
[SourceTitle "EXT 2005"]
[Source "ChessBase"]
[SourceDate "2004.11.15"]
[SourceVersion "1"]
[SourceVersionDate "2004.11.15"]
[SourceQuality "1"]

1. e4 c5 2. Nf3 d6 3. d4 cxd4 4. Nxd4 Nf6 5. Nc3 g6 6. Bb5+ Bd7 7. Bxd7+ Nbxd7 8. Be3 Ng4 9. Qxg4 Bg7 10. Nf5 Bxc3+ 11. bxc3 Rg8 12. Nh6 Ne5 13. Qe2 Rf8 14. Qb5+ Qd7 15. Qxd7+ Nxd7 16. Bd4 e5 17. Be3 f6 18. 0-0 Ke7 19. f4 Rfc8 20. fxe5 dxe5 21. Bd2 Nc5 22. Rae1 Na4 23. Ng4 Rc6 24. Ne3 Ke6 25. Ng4 Kf7 26. Re3 Rd8 27. Rff3 Rxd2 28. Nxe5+ Kg7 29. Nxc6 bxc6 30. Rf2 Rd1+ 31. Rf1 Rd2 32. Ref3 Nc5 33. Rxf6 Nxe4 34. Rxc6 Rxc2 35. Rc7+ Kh6 36. Rxa7 Rxc3 37. Ra1 Rc2 38. a4 Nf6 39. a5 g5 40. Ra6 1-0